000 00773nam a2200229 i 4500
001 64400
003 ES-MaACL
005 20250111062529.0
007 t|
008 031224s1985 sp ||||1| spa d
020 _a84-339-1737-4
100 1 _aFoix, J. V. (
_d1894-1987)
_951423
245 1 0 _aCrónicas de ultrasueño /
_cJ.V. Foix ; [prólogo de Pere Gimferrer y elogio de José Agustín Goytisolo].
260 _aBarcelona :
_bAnagrama,
_c[1985]
300 _a77 p. ;
_c20 cm.
490 1 _aNarrativas hispánicas ;
_v37
700 0 _aGimferrer, Pere,
_d1945-
_957102
700 1 _aGoytisolo, José Agustín,
_d1928-
_959420
830 0 0 _aNarrativas hispánicas (Anagrama)
_v37
_9178124
852 _aES-MaACL
_jL-11274
_bR.112073
999 _c64400
_d64400